00258 a2200121 4500001000700000020001800007040001100025100002500036240003200061245002700093300000700120362000900127161616 a85-305-0123-3 cMagnum aAguiar, Luiz Antonio10aDemétrio, o tímidolpor10aDemétrio, o tímido a620 a1997